La Iglesia católica es la protectora y mejor amiga de la agricultura (Record no. 49259)
[ view plain ]
| 000 -LEADER | |
|---|---|
| campo de control de longitud fija | 00799nam a2200181 i 4500 |
| 001 - NÚMERO DE CONTROL | |
| campo de control | 49259 |
| 003 - IDENTIFICADOR DE NÚMERO DE CONTROL | |
| campo de control | ES-MaACL |
| 005 - FECHA Y HORA DE LA ÚLTIMA TRANSACCIÓN | |
| campo de control | 20251105063129.0 |
| 007 - CAMPO FIJO DE DESCRIPCIÓN FÍSICA--INFORMACIÓN GENERAL | |
| campo de control de longitud fija | t| |
| 008 - DATOS DE LONGITUD FIJA--INFORMACIÓN GENERAL | |
| campo de control de longitud fija | 030711s1880 sp ||||1| spa d |
| 100 1# - ENTRADA PRINCIPAL--NOMBRE DE PERSONA | |
| Nombre de persona | Cortejón, Clemente, |
| Fechas asociadas al nombre | 1842-1911 |
| 9 (RLIN) | 40840 |
| 245 13 - MENCIÓN DEL TÍTULO | |
| Título | La Iglesia católica es la protectora y mejor amiga de la agricultura |
| Resto del título | : sermón que, en la solemne función dedicada a San Isidro Labrador por el Instituto Agrícola Catalán, el día 15 de mayo de 1880, en la Iglesia de Santa Ana de Barcelona / |
| Mención de responsabilidad, etc. | pronunció D. Clemente Cortejón, pbro. |
| 260 ## - PUBLICACIÓN, DISTRIBUCIÓN, ETC. | |
| Lugar de publicación, distribución, etc. | Barcelona : |
| Nombre del editor, distribuidor, etc. | [s.n.], |
| Fecha de publicación, distribución, etc. | 1880 ( |
| Fabricante | Impr. de Jaime Jepús) |
| 300 ## - DESCRIPCIÓN FÍSICA | |
| Extensión | 16 p. ; |
| Dimensiones | 25 cm. |
| 710 2# - ENTRADA AGREGADA--NOMBRE DE ENTIDAD CORPORATIVA | |
| Nombre de entidad corporativa o nombre de jurisdicción como elemento de entrada | Institut Agrícola Català de Sant Isidre. |
| 9 (RLIN) | 176166 |
| 852 ## - LOCALIZACIÓN | |
| Ubicación | ES-MaACL |
| Número de control de estantería | T-666-F-14 |
| Estatus retirado | Estado de pérdida | Estado de daño | No para préstamo | Colección | Biblioteca de origen | Biblioteca actual | Ubicación en estantería | Fecha de adquisición | Fuente de adquisición | Total de préstamos | Signatura topográfica completa | Código de barras | Visto por última vez | Precio de reemplazo | Tipo de ítem Koha |
|---|---|---|---|---|---|---|---|---|---|---|---|---|---|---|---|
| Colección de folletos | Biblioteca del Ateneo de Madrid | Biblioteca del Ateneo de Madrid | Depósito folletos | 17/01/2008 | T-666-F-14 | 1051837 | 23/02/2023 | 23/02/2023 | Folleto |
